MLB: The Show Cover Athletes - Statistics

General Stats
  • This quiz has been taken 593 times
    496 since last reset
  • The average score is 13 of 21
Answer Stats
Version Position(s) Player(s) % Correct
MLB 22 SP/DH Shohei Ohtani
93%
MLB 25 P Paul Skenes
92%
MLB 25 SS Elly De La Cruz
88%
MLB 25 SS/3B Gunnar Henderson
85%
MLB 24 1B Vladimir Guerrero Jr.
85%
MLB 21 SS Fernando Tatís Jr.
82%
MLB 18 RF Aaron Judge
81%
MLB 23 2B/OF Jazz Chisholm Jr.
79%
MLB 19 1B/RF Bryce Harper
78%
MLB 20 SS Javier Báez
71%
MLB 06 DH David Ortiz
64%
MLB 17 CF Ken Griffey Jr.
60%
MLB 11/10 C Joe Mauer
56%
MLB 16 3B Josh Donaldson
52%
MLB 14 1B/DH Miguel Cabrera
43%
MLB 15 RF Yasiel Puig
41%
MLB 09 2B Dustin Pedroia
32%
MLB 08 1B Ryan Howard
28%
MLB 13 OF/DH Andrew McCutchen
25%
MLB 07 3B David Wright
24%
MLB 12 1B Adrián González
17%
No matching quizzes found
Score Distribution
Percent of People with Each Score
Percentile by Number Answered
Your Score History
You have not taken this quiz since the last reset